Pentas Opera

Bibliographic Details
Main Author: Zakaria Ariffin
Format: Book
Published: Kuala Lumpur : DBP , 1989
Subjects:

MARC

LEADER 00000cam a2200000 7i4500
001 0000007526
002 000008086
005 20000330.0
020 |a 983621139X 
090 0 0 |a 808.829928   |b ZAK 
100 0 |a Zakaria Ariffin 
245 1 0 |a Pentas Opera   |c Zakaria Ariffin 
260 |a Kuala Lumpur :   |b DBP ,   |c 1989 
300 |a 85p. ;   |c 18cm. 
650 0 0 |a Malay fiction 
999 |a 051323   |b BUKU   |c PINJAMAN   |e PERPUSTAKAAN KOMUNITI PETALING JAYA